La aplicación práctica del metodo del marco equivalente
Salvato in:
| Autore principale: | |
|---|---|
| Natura: | Libro |
| Pubblicazione: |
[San José , Costa Rica]
1983
|
| Soggetti: | |
| Tags: |
Aggiungi Tag
Nessun Tag, puoi essere il primo ad aggiungerne!!
|
MARC
| LEADER | 00000nam a2200000Ia 4500 | ||
|---|---|---|---|
| 003 | 004372 | ||
| 005 | 20221231144417.0 | ||
| 008 | 140114s1983 cr a m 000 ||s d | ||
| 040 | |c cru CEDI | ||
| 090 | |a TFG 1371 | ||
| 100 | |a Malaga Ponce, Jorge |9 15215 | ||
| 245 | |a La aplicación práctica del metodo del marco equivalente | ||
| 260 | |c 1983 |a [San José , Costa Rica] | ||
| 300 | |a viii, 101 hojas : ilustraciones ; 27 cm | ||
| 500 | |a Proyecto de graduación (ingeniero civil)--Universidad de Costa Rica. Facultad de Ingeniería. Escuela de Ingeniería Civil | ||
| 650 | |x MARCOS ESTRUCTURALES |9 15216 | ||
| 942 | |c TFG | ||
| 999 | |c 21480 |d 21480 | ||
